000 00399nam a2200145Ia 4500
008 230917s9999||||xx |||||||||||||| ||und||
040 _e103139
_aMAIN
041 _aEnglish
082 _a657.48 R529I
100 _aAhmad, Mohd Rizwan
245 0 _aInformation accounting practices in India's corporate sector
260 _aNew Delhi
_bAtlantic Publishers
_c2003
300 _a175 p.
942 _cBK
999 _c111210
_d111210